000 00645nam a2200229Ia 4500
003 OSt
005 20220926011745.0
006 a|||||r|||| 00| 0
007 ta
008 220923b |||||||| |||| 00| 0 eng d
037 _cGeneral Book
040 _aRTL
_cRTL
_beng
041 _2eng
_aeng
082 _aU.6.N6, K9
100 _aWidstrand Carl Gosta Ed.
_9113708
245 0 _aAfrican boundary problems
260 _aNew York
_bAfricana U S A
_c1969
300 _a202p. Appendix p. 183-89
_ccm.
650 _aGeography- Africa
942 _hU.6.N6, K9
_cGB
_2CC
999 _c620856
_d620856